Бухгалтерское дело: учебное пособие

Bibliografiske detaljer
Hovedforfatter: Безруких П. С. Петр Степанович
Andre forfattere: Комиссарова И. П. Ирина Петровна
Summary:Учебное пособие подготовлено в соответствии с государственным образовательным стандартом высшего профессионального образования по дисциплине «Бухгалтерское дело». Рассмотрены основные принципы и организационные аспекты бухгалтерского учета, функции, права и обязанности бухгалтерских служб, правила ведения первичного учета, документооборота и внутреннего контроля, использование информационных возможностей бухгалтерской отчетности для обоснования и принятия управленческих решений по оптимизации бизнеса. Изложение материала иллюстрируется примерами и схемами, каждую главу дополняют контрольные вопросы и тесты для самоконтроля. Для студентов, аспирантов и преподавателей экономических вузов, бухгалтеров, аудиторов и предпринимателей.
Sprog:russisk
Udgivet: Москва, ЮНИТИ, 2007
Fag:
Format: MixedMaterials Bog
KOHA link:https://koha.lib.tpu.ru/cgi-bin/koha/opac-detail.pl?biblionumber=124240

MARC

LEADER 00000nam0a2200000 4500
001 124240
005 20231031130838.0
010 |a 9785238012087 
035 |a (RuTPU)RU\TPU\book\134469 
090 |a 124240 
100 |a 20071030d2007 m y0rusy50 ca 
101 0 |a rus 
102 |a RU 
105 |a a j 000zy 
200 1 |a Бухгалтерское дело  |e учебное пособие  |f П. С. Безруких, И. П. Комиссарова 
210 |a Москва  |c ЮНИТИ  |d 2007 
215 |a 271 с.  |c ил. 
330 |a Учебное пособие подготовлено в соответствии с государственным образовательным стандартом высшего профессионального образования по дисциплине «Бухгалтерское дело». Рассмотрены основные принципы и организационные аспекты бухгалтерского учета, функции, права и обязанности бухгалтерских служб, правила ведения первичного учета, документооборота и внутреннего контроля, использование информационных возможностей бухгалтерской отчетности для обоснования и принятия управленческих решений по оптимизации бизнеса. Изложение материала иллюстрируется примерами и схемами, каждую главу дополняют контрольные вопросы и тесты для самоконтроля. Для студентов, аспирантов и преподавателей экономических вузов, бухгалтеров, аудиторов и предпринимателей. 
610 1 |a бухгалтерский учет 
610 1 |a бухгалтерское дело 
610 1 |a хозяйственная деятельность 
610 1 |a бухгалтерские службы 
610 1 |a учет 
610 1 |a учетный процесс 
610 1 |a документооборот 
610 1 |a бухгалтерские регистры 
610 1 |a бухгалтерские формы 
610 1 |a учебная информация 
610 1 |a бухгалтерские службы 
610 1 |a ошибочные записи 
610 1 |a инвентаризация 
610 1 |a информационные технологии 
610 1 |a налоги 
610 1 |a налогообложение 
610 1 |a учетная политика 
610 1 |a архивное дело 
610 1 |a бухгалтера 
610 1 |a профессиональная этика 
610 1 |a профессиональные объединения 
610 1 |a Россия 
610 1 |a учебные пособия 
675 |a 657.22(075.8)  |v 3 
700 1 |a Безруких  |b П. С.  |g Петр Степанович 
701 1 |a Комиссарова  |b И. П.  |g Ирина Петровна 
801 1 |a RU  |b 63413507  |c 20071030  |g PSBO 
801 2 |a RU  |b 63413507  |c 20180604  |g PSBO 
900 |a Бухгалтерское дело 
900 |a Информационные технологии в бухгалтерском учете 
942 |c BK 
952 |b 080109 
955 |b 080109 
959 |a 70/20071010  |d 2  |e 140,01  |f ЧЗГЛ:1  |f АНЛ:1